| 000 | 00917nam a2200217 i 4500 | ||
|---|---|---|---|
| 001 | 160460 | ||
| 003 | ES-MaACL | ||
| 005 | 20240228150952.0 | ||
| 008 | 990908s1872 sp |||| | spa d | ||
| 040 |
_aEUS _bspa _cEUS |
||
| 100 | 1 |
_aMúzquiz, Joaquín María. _9130310 |
|
| 245 | 1 | 0 |
_aRealidad de la fusion / _capuntes de D. Joaquin Maria Muzquiz, diputado á Cortes. |
| 260 |
_a[S.l. : _bs.n.], _c1872 ( _eMadrid : _fImprenta de A. Gomez Fuentenebro...) |
||
| 300 |
_a16 p. ; _c22 cm. |
||
| 530 | _aDisponible en formato digital. | ||
| 650 | 0 | 4 |
_aCarlismo. _910781 |
| 651 | 0 |
_aEspaña- _xHistoria- _y1872-1876, Guerra carlista _9179965 |
|
| 852 |
_aES-MaACL _zFol-Laf-315 _z-- Rúst. _z-- Legado de Modesto de la Fuente _x-- Edic.: añadir T651 España-Historia-Restauración-Fuentes |
||
| 856 |
_uhttp://bdh-rd.bne.es/viewer.vm?id=0000079985&page=1 _zBiblioteca Digital Hispánica |
||
| 999 |
_c160460 _d160460 |
||